Bilecik Bilecik Bilecik Bilecik Bilecik

Biyokimya (Fen Edebiyat ve Veteriner Fakültesi Öğrencileri için)/ (Record no. 10323)

MARC details
000 -BAŞLIK
Sabit Uzunluktaki Kontrol Alanı 00992nam a22003137a 4500
001 - KONTROL NUMARASI
Control Dosyası 0010351
003 - KONTROL NUMARASI KİMLİĞİ
Kontrol Alanı KOHA_MİRAKIL
005 - EN SON İŞLEM TARİHİ ve ZAMANI
Kontrol Alanı 20260207001741.0
007 - FİZİKSEL TANIM SABİT ALAN - GENEL BİLGİ
Sabit uzunluklu kontrol alanı ta
008 - SABİT UZUNLUKTAKİ VERİ ÖGELERİ - GENEL BİLGİ
Sabit Alan 110325b1995 tu |||gr||||#||||0|tur |
020 ## - ISBN - ULUSLARARASI STANDART KİTAP NUMARASI
Isbn 9758003003
Kullanılabilirlik koşulları 0,01
040 ## - KATALOGLAMA KAYNAĞI
Özgün Kataloglama Kurumu TR-BiSEU
Kataloglama Dili tur
Çeviri Kurumu TR-BiSEU
Açıklama Kuralları rda
041 0# - DİL KODU
Metin ya da ses kaydının dil kodu tur
044 ## - YAYINLAYAN/ÜRETEN KURULUŞUN ÜLKE KODU
ISO country code tu
050 ## - SINIFLAMA ve YER NUMARASI
Sınıflama Numarası QP514.2
Yer Numarası .B39 1995
100 1# - KİŞİ ADI
Yazar Adı (Kişi adı) Bayşu, Nihat.
245 1# - ESER ADI BİLDİRİMİ
Başlık Biyokimya (Fen Edebiyat ve Veteriner Fakültesi Öğrencileri için)/
Sorumluluk Bildirimi Nihat Bayşu ; Nihat Bayşu, Hayati Çamaş.
264 #1 - ÜRERİM, YAYIN, DAĞITIM ve TELİF BİLDİRİMİ
Yayın yeri Kars :
Yayınlayan Kafkas Üniversitesi Yayınları
Yayın tarihi 1995
300 ## - FİZİKSEL TANIMLAMA
Sayfa, Cilt vb. 378 sayfa
336 ## - İÇERİK TÜRÜ
Content type term metin
Content type code txt
Source rdacontent
337 ## - MEDYA TÜRÜ
Media type term aracısız
Media type code n
Source rdamedia
338 ## - TAŞIYICI TÜRÜ
Carrier type term cilt
Carrier type code nc
Source rdacarrier
490 1# - DİZİ BİLDİRİMİ
Dizi Bildirimi Fen-Edebiyat Fakültesi Yayınları No ;
Cilt Numarası 1.
500 ## - GENEL NOT
Genel Not Kaynakça ve dizin var.
650 #0 - KONU BAŞLIĞI EK GİRİŞ - KONU TERİMİ
Konusal terim veya coğrafi ad Biyokimya.
9 (RLIN) 1518
650 #0 - KONU BAŞLIĞI EK GİRİŞ - KONU TERİMİ
Konusal terim veya coğrafi ad Biyolojik kimya.
9 (RLIN) 6880
830 1# - SERİ EK GİRİŞİ - TEKBİÇİM ESER ADI
Tekbiçim Başlık Fen-Edebiyat Fakültesi Yayınları No ;
Volume number/sequential designation 1.
9 (RLIN) 15017
942 ## - EK GİRİŞ ÖGELERİ (KOHA)
Source of classification or shelving scheme Library of Congress Classification
Koha item type Book
Holdings
Materyal Türü Kalıcı Konum Mevcut Konum Raf Yeri Sınıflandırma Kaynağı Edinim Bilgisi Ana Konular Alt Konular Yer Numarası Demirbaş Numarası Fatura Tarihi Geri Çekilme Durumu Kayıp Durumu Hasarlı Durumu Kredi için değil Kayıt Tarih Toplam Ödünçverme Son Görülme Tarihi Son Kontrol Tarihi Genel / Bağış Notu
Book Prof. Dr. Azmi Özcan Kütüphanesi Prof. Dr. Azmi Özcan Kütüphanesi Birûni Salonu Library of Congress Classification Bağış BİLİM Fizyoloji QP514.2 .B39 1995 0010351 13/08/2010         06/11/2009 8 14/05/2025 14/05/2025 YÖK Tez Merkezi
Book Prof. Dr. Azmi Özcan Kütüphanesi Prof. Dr. Azmi Özcan Kütüphanesi Birûni Salonu Library of Congress Classification Bağış BİLİM Fizyoloji QP514.2 .B39 1995 0028857 02/02/2026         25/03/2011 10 14/05/2025 14/05/2025 YÖK Tez Merkezi